Guess my FULL playlist gang - Statistics

General Stats
  • This quiz has been taken 4 times
  • The average score is 14 of 472
Answer Stats
By Song % Correct
Grandson Blood//Water
100%
Bruno Mars Grenade
75%
Alan Walker Alone
50%
Fall Out Boy Centuries
50%
Alan Walker Faded
50%
Eminem Love The Way You Lie
50%
Bruno Mars 24K Magic
25%
Dimrain47 At The Speed Of Light
25%
Eminem Believe
25%
Imagine Dragons Believer
25%
Imagine Dragons Bones
25%
Gorillaz Clint Eastwood
25%
Gorillaz Dare
25%
Imagine Dragons Demons
25%
Imagine Dragons Enemy
25%
Eminem Fall
25%
Gorillaz Feel Good Inc.
25%
Dex Arson Frontlines
25%
Daft Punk Get Lucky
25%
Eminem Godzilla
25%
Eminem Heat
25%
AViVA | Eminem Houdini
25%
Daft Punk Instant Crush
25%
Bruno Mars Locked Out Of Heaven
25%
Eminem Lose Yourself
25%
Dex Arson Machina
25%
Bruno Mars Marry You
25%
Daughter Medicine
25%
Eminem Mockingbird
25%
F-777 Monster Dance Off
25%
Eminem Not Afraid
25%
Disclosure Omen
25%
Imagine Dragons On Top Of The World
25%
Dex Arson Payload
25%
Bastille Pompeii
25%
Boom Kitty Power Trip
25%
Imagine Dragons Radioactive
25%
Eminem Rap God
25%
Gorillaz Rhinestone Eyes
25%
Akon Smack That
25%
Eminem Stan
25%
Bruno Mars That's What I Like
25%
Eminem The Monster
25%
Eminem The Real Slim Shady
25%
Imagine Dragons Thunder
25%
Eminem Till' I Collapse
25%
Imagine Dragons Whatever It Takes
25%
ColBreakz 10000
0%
Joyner Lucas 10 Bands
0%
Gorillaz 19-2000
0%
DM Dokuro 1NF3S+@+!ON
0%
ColBreakz 2011
0%
Joyner Lucas 24 Hours To Live
0%
Eminem 25 To Life
0%
ColBreakz 30.000
0%
Eminem 8 Mile
0%
AViVA About Me
0%
CATTY Actress
0%
Caravan Palace Aftermath
0%
F-777 Airborne Robots
0%
Cyclo Aire, Sal y Arena
0%
Bad Meets Evil A Kiss
0%
Eminem Alfred's Theme
0%
AViVA Alien
0%
Eminem Almost Famous
0%
Cyclo A Mi Fan
0%
Eminem Amityville
0%
Ghost And Pals Amygdala's Rag Doll
0%
Gorillaz Andromeda
0%
DM Dokuro Antarctic Reinforcement
0%
Eminem Antichrist
0%
Ed Sheeran Antisocial
0%
Cyclo Apágame
0%
Gorillaz Ascension
0%
Eminem Asshole
0%
Jady Backbone
0%
Boom Kitty Badland
0%
Imagine Dragons Bad Liar
0%
Eminem Bad One
0%
Cyclo Bailaré
0%
Cyclo Bajo Tu Portal
0%
Cyclo Bala
0%
D12 Bane
0%
Dex Arson Beast Mode
0%
Eminem Beautiful
0%
Eminem Beautiful Pain
0%
Ed Sheeran Beautiful People
0%
Eminem Berzerk
0%
American Authors Best Day Of My Life
0%
Joyner Lucas Best For Me
0%
Eminem Black Magic
0%
Camille de la Cruz Blah Blah Blah
0%
Calvin Harris Blame
0%
DM Dokuro Blood Coagulant
0%
Cyclo Bolsillos Rotos
0%
Childish Gambino Bonfire
0%
Cyclo Bonita Condena
0%
Eminem Book Of Rhymes
0%
Eminem Brand New Dance
0%
AViVA BRN
0%
DAGames Brothers In Arms
0%
Bella Poarch Build a Bitch
0%
8 Graves Bury Me Low
0%
Eminem Business
0%
Family Force 5 Bzrk
0%
Ghost And Pals Candle Queen
0%
Jady Candy
0%
Eminem Castle
0%
Family Force 5 Chainsaw
0%
Cyclo Chico Invisible
0%
Eminem Chloraseptic
0%
Fall Out Boy Church
0%
Eminem Cinderella Man
0%
Eminem Cleaning Out My Closet
0%
Eric Johnson Cliffs Of Dover
0%
Dr. Phonics Code Red
0%
Eminem Cold Wind Blows
0%
Circus Contraption Come To The Circus
0%
Eminem Crack A Bottle
0%
Gorillaz Cracker Island
0%
Eminem Crazy In Love
0%
Glass Animals Creatures In Heaven
0%
Eminem Criminal
0%
Cyclo Cuando Llegue La Hora
0%
Cyclo Cuesta Arriba
0%
Imagine Dragons Cutthroat
0%
Eminem Darkness
0%
Cyclo Darko
0%
Alan Walker Darkside
0%
Cyclo Davy Jones
0%
Eminem Deja Vu
0%
Cyclo Desde Tu Adiós
0%
Eminem Detroit Vs. Everybody
0%
Dr. Dre Diamond Mind
0%
Eminem Die Alone
0%
Creo Dimension
0%
Gorillaz Dirty Harry
0%
Eminem Discombobulated
0%
Jady Ditty
0%
Blackbear Do Re Mi
0%
Eminem Drug Ballad
0%
Cyclo Dulce Locura
0%
Imagine Dragons Dull Knives
0%
Family Force 5 Earthquake
0%
Imagine Dragons Easy Come Easy Go
0%
Bad Meets Evil Echo
0%
Gorillaz El Mañana
0%
Basjackers El Mariachi
0%
Dex Arson Embers
0%
Flux Pavilion Emotional
0%
Eminem Encore
0%
Cyclo Enganchado A Tus Malas Formas
0%
Hearts Plus Up! Engineer's Sanctum
0%
Jady Entropy
0%
Cyclo Escondido En Silencio
0%
Dr. Dre ETA
0%
Eminem Evil
0%
Eminem Evil Twin
0%
Crywolf Eyes Half Closed
0%
AViVA Fake Friends
0%
Dr. Dre Fallin' Up
0%
Eminem Farewell
0%
Bad Meets Evil Fast Lane
0%
Eminem Favorite Bitch
0%
Cyclo Feka
0%
DM Dokuro Feral Amalgamation
0%
Joyner Lucas Finally
0%
Eminem Fine Line
0%
Bruno Mars Finesse
0%
Deorro Five More Hours
0%
Glass Animals Flip
0%
Imagine Dragons Follow You
0%
Eminem Forever
0%
AViVA Forgive And Forget
0%
Dr. Dre Forgot About Dre
0%
Eminem From The D 2 The LBC
0%
Jady Frostbite
0%
Cyclo Fuego Fatuo
0%
Eminem Fuel
0%
Bingo Players Get Up (Rattle)
0%
Jady Ghostman
0%
Jacob Tillberg Ghosts
0%
Imagine Dragons Giants
0%
Daft Punk Giorgio
0%
Eminem Gnat
0%
Eminem Going Through Changes
0%
Detious Golden Haze
0%
Bruno Mars Gorilla
0%
Dr. Dre Gospel
0%
Eminem Greatest
0%
Dex Arson Ground Zero
0%
AViVA GRRRLS
0%
Eminem Guns Blazing
0%
Eminem Guts Over Fear
0%
Eminem Guys Always Die
0%
Eminem Habits
0%
Daft Punk Harder, Better, Faster, Stronger
0%
AViVA Hate 2 Luv U
0%
Clarx H.A.Y
0%
Eminem Headlights
0%
CATTY Healing Out Of Spite
0%
Defqwop Heart Afire
0%
Fall Out Boy Heartbreak Feels So Good
0%
Jacob Tillberg Heartless
0%
Eminem Hello
0%
Cyclo Help Me
0%
Janji Heroes Tonight
0%
Eminem Higher
0%
Cyclo Hijos De La Noche
0%
Cyclo Hijos Del Coraje
0%
Fall Out Boy Hold Me Tight Or Don't
0%
Cyclo Hollows
0%
Ghost And Pals Honey I'm Home
0%
Ieuan Honey Lavender
0%
Jay Rock Hood Gone Love It
0%
AViVA House Of Cards
0%
Ghost And Pals Housewife Radio
0%
Gorillaz Humility
0%
AViVA Hushh
0%
CATTY I Dated A Monster
0%
Flo Rida I Don't Like It, I Love It
0%
CATTY I Gotta Be Cool
0%
Eminem I'm Back
0%
Clams Casino I'm God
0%
Joyner Lucas I'm Ill
0%
Fall Out Boy Immortals
0%
Imagine Dragons I'm So Sorry
0%
Dr. Dre I Need A Doctor
0%
Cyclo Inmortalidad
0%
DM Dokuro Interstellar Stomper
0%
Eminem In Too Deep
0%
Jady Inverted Forest
0%
Eminem In Your Head
0%
Azazal I Said Meow
0%
Joyner Lucas Isis
0%
Eminem Is This Love ('09)
0%
Imagine Dragons It's Ok
0%
Imagine Dragons It's Time
0%
Eminem I Will
0%
CATTY I Wish I Gave You Hell
0%
Cyclo Jiminy Cricket
0%
Eminem Jimmy, Brian And Mike
0%
Bruno Mars Just The Way You Are
0%
Eminem Kamikaze
0%
Eminem Killer
0%
Eminem Killer (Remix)
0%
Eminem Killshot
0%
Eminem Kill You
0%
Eminem Kings Never Die
0%
Foxsky Kirby Smash
0%
Cordae Kung Fu
0%
Cyclo La Corona
0%
FLAGBAG La La Song
0%
Cyclo La Oveja Negra
0%
Disclosure Latch
0%
Eminem Leaving Heaven
0%
Cyclo Lecciones De Respeto
0%
Eminem Legacy
0%
Cyclo Les Duele
0%
Dirt Monkey Lift Off
0%
Fall Out Boy Light 'Em Up
0%
Bad Meets Evil Lighters
0%
Eminem Like Home
0%
Eminem Like Toy Soldiers
0%
Alan Walker Lily
0%
Bruno Mars Liquor Store Blues
0%
Eminem Little Engine
0%
Eminem Lock It Up
0%
Cyclo Lo Intenté
0%
Caravan Palace Lone Digger
0%
Imagine Dragons Lonely
0%
Daft Punk Lose Yourself To Dance
0%
Cyclo Los Sueños, Sueños Son
0%
Bad Meets Evil Loud Noises
0%
Fall Out Boy Love From The Other Side
0%
Eminem Love Game
0%
John Newman Love Me Again
0%
David Guetta Lovers On The Sun
0%
Eminem Lucifer
0%
Eminem Lucky You
0%
Cyclo Mae Mía
0%
Eminem Marsh
0%
Eminem Marshall Mathers
0%
CATTY Maybe All The Rumours Are True
0%
Jon Bellion Maybe IDK
0%
Cyclo Media Vida
0%
Jady Medication
0%
Cyclo Me Tocó Una Luz
0%
Caravan Palace Midnight
0%
Cyclo Mi Error Preferido
0%
Bossfight Milky Ways
0%
Bruno Mars Money Make Her Smile
0%
Geoxor Moonlight
0%
Flo Rida My House
0%
Eminem My Name Is
0%
DatPhoria My Own Enemy
0%
Cyclo Nadie Como Tú
0%
Bruno Mars Natalie
0%
Imagine Dragons Natural
0%
Eminem Need Me
0%
AViVA | Eminem Never Enough
0%
Cyclo Niño Malo
0%
DEFMATCH Nobody Sees Him
0%
Bossfight Nock Em
0%
Eminem No Love
0%
CAKE No Phone
0%
Eminem No Regrets
0%
Eminem Not Alike
0%
Eminem Nowhere Fast
0%
Dirty Palm Oblivion
0%
Eminem Old Time's Sake
0%
Infugue Omega
0%
Eminem One Shot 2 Shot
0%
Gorillaz On Melancholy Hill
0%
Cartoon On & On
0%
DM Dokuro Open Frenzy
0%
CG5 Opinions
0%
Cash Cash Overtime
0%
Jon Bellion Overwhelming
0%
Au/Ra Panic Room
0%
AViVA Paralyzed
0%
Cyclo Para No Volver
0%
Family Force 5 Paycheck
0%
DM Dokuro Pest Of The Cosmos
0%
AViVA Phoenix
0%
Bruno Mars Please Me
0%
Glass Animals Pork Soda
0%
Cyclo Por Todo
0%
AViVA Psycho
0%
Eminem Psychopath Killer
0%
Cyclo Qué Bien Se Siente
0%
AViVA Rabbit Hole
0%
Eminem Rabbit Run
0%
Family Force 5 Raised By Wolves
0%
EZ Mil Realest
0%
Cyclo Recuérdame Quién Soy
0%
GTA Red Lips
0%
Eminem Remember Me?
0%
Ed Sheeran Remember The Name
0%
Eminem Remind Me
0%
DM Dokuro Return To Slime
0%
Eminem Rhyme Or Reason
0%
Deorro Rise & Shine
0%
Eminem River
0%
Eminem Road Rage
0%
DM Dokuro Roar Of The Jungle Dragon
0%
Eminem Rock Bottom
0%
Getter Jaani Rockefeller Street
0%
Caravan Palace Rock It For Me
0%
Gorillaz Rock The House
0%
Eminem Role Model
0%
Dex Arson Round 1
0%
Bruno Mars Runaway Baby
0%
AViVA Sacrifice
0%
Eminem Same Song & Dance
0%
Gorillaz Saturnz Barz
0%
Eminem Say Goodbye Hollywood
0%
Jady Secondhand Smoke
0%
Eminem Seduction
0%
Cyclo Se Que Has Cambiado
0%
Eminem Session One
0%
Joyner Lucas Seventeen
0%
Imagine Dragons Sharks
0%
Eminem She Loves Me
0%
Gorillaz She's My Collar
0%
CAZZETTE She Wants Me Dead
0%
Cyclo Siempre Llego Tarde
0%
Eminem Sing For The Moment
0%
Alan Walker Sing Me To Sleep
0%
Cyclo Si Preguntan X Mi
0%
Jady Skinwalker
0%
Eminem So Far...
0%
Eminem Soldier
0%
Clean Bandit Solo
0%
Cyclo Solo Por Una Vez
0%
Eminem Somebody Save Me
0%
Eminem So Much Better
0%
Gorillaz Souk Eye
0%
Ed Sheeran South Of The Border
0%
F-777 Space Battle
0%
Eminem Space Bound
0%
DM Dokuro Stained, Brutal Calamity
0%
Eminem Stepping Stone
0%
Joyner Lucas Still Alright
0%
Eminem Still Don't Give A Fuck
0%
Eminem Stimulate
0%
AViVA Streets
0%
Jady Stunner
0%
Imagine Dragons Sucker For Pain
0%
Eminem Survival
0%
Family Force 5 Sweep The Leg
0%
Jady Synthetic
0%
Glass Animals Take A Slice
0%
Bad Meets Evil Take From Me
0%
Ed Sheeran Take Me Back To London
0%
Eminem Talkin' 2 Myself
0%
Bruno Mars Talking To The Moon
0%
AViVA Tear In My Heart
0%
F-777 The 7 Seas
0%
DM Dokuro The Devourer Of Gods (Nonstop Mix)
0%
Jon Bellion The Good In Me
0%
Eminem The King And I
0%
Fall Out Boy The Last Of The Real Ones
0%
Bruno Mars The Lazy Song
0%
Fall Out Boy The Mighty Fall
0%
Iron Maiden The Number Of The Beast
0%
Bruno Mars The Other Side
0%
Glass Animals The Other Side Of Paradise
0%
Fall Out Boy The Phoenix
0%
Iron Maiden The Prisoner
0%
Eminem The Ringer
0%
AViVA The Saint And The Sinner
0%
Eminem These Demons
0%
Flavored Nations The Setup
0%
Alan Walker The Spectre
0%
Eminem The Way I Am
0%
Childish Gambino This Is America
0%
Eminem Those Kinda Nights
0%
DM Dokuro Threats Of The Ocean Floor
0%
Eminem Tobey
0%
Cyclo Todo Es Una Mierda
0%
Glass Animals Toes
0%
Cyclo Tommy Shelby
0%
Gorillaz Tomorrow Comes Today
0%
Eminem Tone Deaf
0%
Dirty Palm To The Back
0%
Bruno Mars Treasure
0%
Black Coast TRNDSTTR
0%
Fall Out Boy Twin Skeleton's (Hotel In NYC)
0%
AViVA Twisted
0%
Fall Out Boy Uma Thurman
0%
AViVA Unbreakable
0%
Eminem Underground
0%
Cyclo Un Fantasma Enamorado
0%
DM Dokuro Unholy Insurgency
0%
Eminem Untitled
0%
APEK Upside Down
0%
Bad Meets Evil Vegas
0%
Eminem Venom
0%
F-777 Viking Arena
0%
Joyner Lucas Waiting On This
0%
Jady Wallow
0%
Imagine Dragons Warriors
0%
AViVA Wasteland
0%
Charlie Puth We Don't Talk Anymore
0%
Eminem We Made You
0%
DAGames We Want Out
0%
Joyner Lucas What's That?
0%
Eminem When I'm Gone
0%
Joyner Lucas When I Need Love
0%
Eminem White America
0%
Jady White Casket
0%
Eminem Who Knew
0%
Chime Whole
0%
Cartoon Why We Lose
0%
AViVA Wicked
0%
Circus Contraption Wicked Fascinations
0%
Eminem Wicked Ways
0%
Eminem Without Me
0%
Caravan Palace Wonderland
0%
Eminem Won't Back Down
0%
Imagine Dragons Wrecked
0%
Eminem W.T.P
0%
Cyclo Xfa
0%
Eminem Yah Yah
0%
Dex Arson Years
0%
Eminem Yellow Brick Road
0%
Cyclo Yo Te Quise Como A Nadie
0%
Eminem You Gon' Learn
0%
Eminem Zeus
0%
No matching quizzes found
Score Distribution
Percent of People with Each Score
Percentile by Number Answered
Your Score History
You have not taken this quiz